00523nam a2200169Ia 4500003000900000008004100009040001600050080001700066100003100083245006000114260002800174300001000202650002300212942000700235999001700242952009400259IN-BaIIA211028s9999 xx 000 0 eng d cIIA Library a523.745bSHI aShine, Richard Alan935781 0aPhysical properties of solar flarescRichard Alan Shine aTucsonbWisconsinc1973 a310p. aSolar flares94046 cBK c18698d18698 00104070aBANbKODcGENd2013-05-07l0o523.745/ SHIp19620r2021-11-05w2013-05-07yBK